Most Requested Super Smash Bros. Characters - Statistics

General Stats
  • This quiz has been taken 185 times
  • The average score is 19 of 31
Answer Stats
Franchise Answer % Correct
Crash Bandicoot Crash Bandicoot
96%
Rayman Rayman
94%
Sonic the Hedgehog Shadow the Hedgehog
86%
Sonic the Hedgehog Tails
86%
Super Mario Waluigi
85%
Undertale Sans
83%
Shovel Knight Shovel Knight
83%
Spyro the Dragon Spyro
83%
Kirby Bandana Waddle Dee
82%
Halo Master Chief
82%
Bomberman Bomberman
79%
Sonic the Hedgehog Dr. Eggman
77%
DOOM Doom Slayer
75%
Ace Attorney Phoenix Wright
75%
Shantae Shantae
75%
Donkey Kong Dixie Kong
71%
Devil May Cry Dante
61%
Team Fortress Heavy
58%
Golden Sun Isaac
53%
Mega Man Zero
47%
Super Mario Geno
41%
Monster Hunter Monster Hunter
39%
No More Heroes Travis Touchdown
38%
The Legend of Zelda Skull Kid
37%
Ninja Gaiden Ryu Hayabusa
33%
Super Mario Paper Mario
32%
Hollow Knight The Knight
32%
Guilty Gear Sol Badguy
27%
Rhythm Heaven Karate Joe
22%
Touhou Project Reimu Hakurei
15%
Xenoblade Chronicles Elma
12%
No matching quizzes found
Score Distribution
Percent of People with Each Score
Percentile by Number Answered
Your Score History
You have not taken this quiz